| 000 | 01970cam a22002174a 4500 | ||
|---|---|---|---|
| 005 | 20250605163945.0 | ||
| 008 | 250528s ||||||||||||||||||||||||d | ||
| 035 | _a15169 | ||
| 020 | _a013257098X | ||
| 040 |
_aGR-AtMCL _bgre _dGR-AtMCL _eAACR2 |
||
| 245 | 1 | _aManagement / An Introduction | |
| 260 |
_bPrentice Hall Europe, _c1998 |
||
| 300 | _a734 | ||
| 505 | 0 | _aPreface, Ackowledgements, Setting the Scene, Management and Organisation, Models of Management, The International Context of Management, Interpreting the Management Role, Managing People at Work, Power and Influence and Management Style, Motivation, Communication, How Teams Develop, Managing Through Teams and Groups, Planning the Business, Corporate Strategy, Analysing the Business Environment, Managing Marketing, Corporate Social Responsibility, Organising the Business, Organisation Structure and Culture, Human Resource Management, The Developing Organisation, Managing Change, Controlling the Business, Finance and Budgetary Control, Managing Operations and Quality, Managing Information Systems, Glossary, References, Index. | |
| 520 | _aPreface, Ackowledgements, Setting the Scene, Management and Organisation, Models of Management, The International Context of Management, Interpreting the Management Role, Managing People at Work, Power and Influence and Management Style, Motivation, Communication, How Teams Develop, Managing Through Teams and Groups, Planning the Business, Corporate Strategy, Analysing the Business Environment, Managing Marketing, Corporate Social Responsibility, Organising the Business, Organisation Structure and Culture, Human Resource Management, The Developing Organisation, Managing Change, Controlling the Business, Finance and Budgetary Control, Managing Operations and Quality, Managing Information Systems, Glossary, References, Index. | ||
| 700 | 1 |
_aBoddy David _91029 |
|
| 700 | 1 |
_aPaton Robert _91030 |
|
| 942 | _cBK | ||
| 999 |
_c763 _d763 |
||